000 00549nam a2200205Ia 4500
005 20250326144313.0
008 250326s9999 xx 000 0 und d
020 _a978-81-7446-580-1
037 _aTextbook
040 _aFMSL
_beng
_cFMSL
041 _aeng
_2eng
084 _aX652 P8
_qFMSL
100 _aBhat S
_9101981
245 0 _aSecurity analysis and portfolio management
_cBhat S
260 _aNew Delhi
_bNew Delhi, Excel
_c2008
300 _a681p
365 _b350
942 _cTB
_hX652 P8
999 _c1303224
_d1303224